| 000 | 00354nam a22001217a 4500 | ||
|---|---|---|---|
| 082 | _a220 PRO | ||
| 100 |
_aASIM, _950926 |
||
| 245 | _aPR-SOF-1122-ACTIVE YAW RATE CONTROL OF FOUR WHELLED GROUND VEHICLE | ||
| 260 |
_aISLAMABAD _bNUST COLLEGE OF EME _c2011 |
||
| 650 | _a DE-MECH-29 | ||
| 700 |
_aRAJA AAMIR AZEEM,FAREED U DIN QURESHI _972158 |
||
| 942 | _cCR | ||
| 999 |
_c578319 _d578319 |
||